| 000 | 00502nam a2200181Ia 4500 | ||
|---|---|---|---|
| 005 | 20250326143247.0 | ||
| 008 | 250326s9999 xx 000 0 und d | ||
| 037 | _aTextbook | ||
| 040 |
_aFMSL _beng _cFMSL |
||
| 041 |
_aeng _2eng |
||
| 084 |
_aY.41 P1 _qFMSL |
||
| 100 |
_aWignaraja P _9746671 |
||
| 245 | 0 |
_aPro-Poor growth and goverce in South Asia _cWignaraja P |
|
| 260 |
_aNew Delhi _bNew Delhi, Sage _c2001 |
||
| 300 | _a454p | ||
| 942 |
_cTB _hY.41 P1 |
||
| 999 |
_c1298820 _d1298820 |
||